Czyja to stolica Europa #4 - Statystyki

Ogólne statystyki
  • Ten quiz został rozwiązany 37 razy
  • Średni wynik to 12 z 12
Statystyki odpowiedzi
Hint Odpowiedź % Poprawnych
Andora Andora
100%
Paryż Francja
100%
Madryt Hiszpania
100%
Monako Monako
100%
Berlin Niemcy
100%
Moskwa Rosja
100%
San Marino San Marino
100%
Kijów Ukraina
100%
Watykan Watykan
100%
Rzym Włochy
100%
Londyn Wielka Brytania
97%
Mińsk Białoruś
94%
Nie znaleziono quizów pasujących do podanych kryteriów
Rozkład punktacji
Procent ludzi z każdym wynikiem
Percentyl według liczby udzielonych odpowiedzi
Twoja historia wyników
Nie rozwiązałeś tego quizu